| 000 | nkm a22 a 4500 | ||
|---|---|---|---|
| 999 |
_c389051 _d389051 |
||
| 003 | BLK | ||
| 005 | 20200928151440.0 | ||
| 008 | 200717b bu ||||| |||| 00| 0 bu d | ||
| 040 | _aBLK | ||
| 041 |
_aBUL _aENG _aRUS _aDEU _cBUL |
||
| 080 |
_aКарикатура. Комикс _b741.5 _z741.5(497.2)(084) |
||
| 080 |
_aИзобразителни изкуства и художествени занаяти _b73/76 _z73/76(497.2)(084) |
||
| 111 |
_9434482 _aМеждународно биенале на хумора и сатирата в изкуствата 6 _cГаброво _d1983 |
||
| 139 | _aСветът е оцелял, защото се е смял | ||
| 245 |
_aСветът е оцелял, защото се е смял [Изобразителен материал] _b[Шесто] VІ международно биенале на хумора и сатирата в изкуствата, Габрово`1983 _cСъстав., ред. Веселин Василев и др.; встъп. думи Стефан Илиев Фъртунов; транскр. Божидар Стойков; прев. на рус. Венета Георгиева-Козарева; прев. на англ. Божидар Стойков; прев. на нем. Анелия Цанкова-Фъртунова; снимки Петко Петков и др. |
||
| 246 |
_aLaughter has enabled the world to survive _bSixth international biennial of humour and satire in the arts, Gabrovo`83 |
||
| 257 | _aBGR | ||
| 260 |
_9216512 _aСофия _bБълг. художник _c1983 _n954-406- _fСофия : Офсетграфик |
||
| 300 |
_a396 с. _c20Х22 см _bс ил., фотогр. |
||
| 380 | _a7 | ||
| 500 | _aДр. състав, ред., посочени в изд. поле Даниела Колева, Петко Андреев, Стефан Фъртунов, Тихомир Русинов; Др. фотогр. Васил Ковачев. - 2 500 тир. | ||
| 650 | 7 |
_9153650 _aДом на хумора и сатирата Габрово |
|
| 653 | 0 |
_9434497 _a Международно биенале на хумора и сатирата в изкуствата |
|
| 700 |
_91529 _aВасилев, Веселин _eсъстав. и ред. |
||
| 700 |
_9402394 _aФъртунов, Стефан Илиев _eвстъп. думи |
||
| 700 |
_91604 _aСтойков, Божидар _eтранскр. |
||
| 700 |
_91007 _aГеоргиева-Козарева, Венета _eпрев. на рус. |
||
| 700 |
_9988 _aСтойков, Божидар Христов _eпрев. на англ. |
||
| 700 |
_9999 _aЦанкова-Фъртунова, Анелия _eпрев. на нем. |
||
| 700 |
_9402375 _aПетков, Петко _eснимки |
||
| 852 |
_bЦб _aЦб 301672 |
||
| 942 |
_cGRA _n0 _s1 |
||
| 944 |
_aCR _c2020-09-28 _kС.Т. |
||
| 999 | _d389018 | ||
| 999 | _d389000 | ||
| 999 | _d389000 | ||
| 999 | _d388984 | ||
| 999 | _d388976 | ||
| 999 | _d388976 | ||
| 999 | _d388393 | ||
| 999 | _d388382 | ||